000
00184 a2200097 4500
020
_a
0934678642
041
_a
eng
100
_a
Allen, kate
245
_a
Give my secrets back
942
_c
BK
999
_c
8131
_d
8131